Diagnóstico de la calidad de vida del distrito II de la calidad de Managua
Presenta un diagnóstico de la calidad de vida del distrito II que brinda información accesible a la comunidad para el análisis y búsqueda participativa de vías de solución o superación de los aspectos negativos que les afecta. El distrito II se divide en nueve unidades territoriales, cada una...
| Main Author: | |
|---|---|
| Other Authors: | |
| Format: | Tesis Section = Libro |
| Language: | Undetermined Spanish |
| Published: |
Managua
UNI
1999
|
| Subjects: |
| LEADER | 01514nam a2200253Ia 4500 | ||
|---|---|---|---|
| 008 | 240830s9999 xx 000 0 und d | ||
| 040 | |a BIBLIOTECA-RUSB/ T.Mon 711 N778 | ||
| 041 | |a spa | ||
| 082 | |a T.Mon 711 N778 | ||
| 100 | 1 | |a Noguera Villagra, Ruth Elena | |
| 245 | 1 | 0 | |a Diagnóstico de la calidad de vida del distrito II de la calidad de Managua |
| 260 | |a Managua |b UNI |c 1999 | ||
| 300 | |a 106 p. :il. | ||
| 500 | |a Contiene: anexos. | ||
| 502 | |a Tesis (Arquitecto) - UNI, 1999. | ||
| 520 | 3 | |a Presenta un diagnóstico de la calidad de vida del distrito II que brinda información accesible a la comunidad para el análisis y búsqueda participativa de vías de solución o superación de los aspectos negativos que les afecta. El distrito II se divide en nueve unidades territoriales, cada una sub-dividida en categorías de Barrios Residenciales, Barrios Tradicionales, barrios bajos, asentamientos espontáneos y asentamientos erradicables. Describe la importancia y magnitud y significado de los impactos que tienen efecto sobre la calidad de vida de los habitantes del distrito II de manera que se establezca un orden de prioridad. | |
| 650 | 7 | |a URBANISMO - PLANIFICACION DEL ESPACIO - DISTRITO II | |
| 650 | 7 | |b CALIDAD DE VIDA - POBLACION - VIVIENDAS | |
| 650 | 7 | |c DESARROLLO URBANO DISTRITO II - ASENTAMIENTOS HUMANOS | |
| 650 | 7 | |d DESARROLLO DE LA COMUNIDAD - DISTRITO II | |
| 700 | 1 | |a Tutor: |b Mendoza Velásquez, Francisco Antonio | |
| 942 | |c BK |2 ddc | ||
| 991 | |a TESIS | ||
| 999 | |c 21965 | ||